000 00582cam a22002053a 4500
001 45937
003 PGUSA
005 20140828084054.0
008 140611s2014||||xxu|||||s|||||000 | eng d
040 _aPGUSA
_beng
042 _adc
100 1 _aBrandenburger, Clemens,
_d1879-
245 1 0 _aPolnische Geschichte
_h[electronic resource] /
_cClemens Brandenburger
260 _bProject Gutenberg,
_c2014
506 _aPublic domain in the USA.
516 _aElectronic text
830 0 _aProject Gutenberg
_v45937
856 4 0 _uhttp://www.gutenberg.org/ebooks/45937
942 _cEB
999 _c275186
_d275186